000 00812nam a2200205 a 4500
008 120416s2001 ||||||||||||||||| || u
020 _a1853837350
050 _aHM 33 Dim
100 _aDimbleby, Jonathan
245 1 0 _aFrom here to sustainability
246 _apolitics in the real world
260 _aLondon
_bEarthscan
_c2001
300 _axvi, 223p. : ill.
350 _a0.00
500 _aBibliography.
650 _aSUSTAINABLE DEVELOPMENT--ARAB REGION
700 _aWarburton, Diane
995 _aBINDERY (DAMAGED)
_D0.00
_e735983
_FCBU-MAIN LIBRARY (Kitwe)
_H2
_I8.95
_jHM 33 Dim
_M2
_UDAMAGED
_WOct 3, 2006
_y38758
_ZMain Library Open Access Collection
995 _aMAIN LIBRARY OPEN ACCESS
_D0.00
_e38773
_FCBU-MAIN LIBRARY (Kitwe)
_H1
_I8.95
_jHM 33 Dim
_UAVAILABLE
_y38773
_ZMain Library Open Access Collection
999 _c63304
_d63304